| 000 -LEADER |
| fixed length control field |
00881nam a2200229Ia 4500 |
| 001 - CONTROL NUMBER |
| control field |
1885 |
| 003 - CONTROL NUMBER IDENTIFIER |
| control field |
GE_BSU |
| 005 - DATE AND TIME OF LATEST TRANSACTION |
| control field |
20221007145720.0 |
| 008 - FIXED-LENGTH DATA ELEMENTS--GENERAL INFORMATION |
| fixed length control field |
181216s2005ru xx |||||||||||||| ||rus|| |
| 020 ## - INTERNATIONAL STANDARD BOOK NUMBER |
| International Standard Book Number |
579750801Х |
| 040 ## - CATALOGING SOURCE |
| Transcribing agency |
GE_BSU |
| 041 ## - LANGUAGE CODE |
| Language code of text/sound track or separate title |
rus |
| 080 ## - UNIVERSAL DECIMAL CLASSIFICATION NUMBER |
| Universal Decimal Classification number |
342.4(470)(075.8) В-54 |
| 100 ## - MAIN ENTRY--PERSONAL NAME |
| Personal name |
Витрук, Н.В. |
| 9 (RLIN) |
15147 |
| 245 ## - TITLE STATEMENT |
| Title |
Конституционное правосудие.Судебно-Конституционное право : и процесс |
| Remainder of title |
Учебное пособие для студ. вузов / |
| Statement of responsibility, etc. |
Н.В. Витрук. |
| 250 ## - EDITION STATEMENT |
| Edition statement |
Изд. 2-е перер. идоп |
| 264 ## - PRODUCTION, PUBLICATION, DISTRIBUTION, MANUFACTURE, AND COPYRIGHT NOTICE |
| Place of production, publication, distribution, manufacture |
Москва : |
| Name of producer, publisher, distributor, manufacturer |
Юристь, |
| Date of production, publication, distribution, manufacture, or copyright notice |
2006. |
| 300 ## - PHYSICAL DESCRIPTION |
| Extent |
527 с.: |
| Other physical details |
21 см. |
| 653 ## - INDEX TERM--UNCONTROLLED |
| keyword |
Конституционное правосудие; |
| 653 ## - INDEX TERM--UNCONTROLLED |
| keyword |
Судебно-Конститционное право и процес;с. |
| 942 ## - ADDED ENTRY ELEMENTS (KOHA) |
| Koha item type |
წიგნი |
| Source of classification or shelving scheme |
|